000 00620nam a22001937a 4500
005 20251108172912.0
008 250721s2003 xx 000 0 ara d
082 1 4 _aط/213.63/ جوز
100 1 _aابن قيم الجوزية، شمس الدين
245 1 0 _aالوابل الصيب من الكلم الطيب /
264 1 _aالقاهرة :
_bمكتبة الصفا،
_c2003.
300 _a160 ص
650 1 7 _aالأحاديث
650 1 7 _aالأحكام الشرعية
653 _aناشئون كبار (15-18سنة)
700 1 _aبن شعبان، أحمد
_eed.
942 _2ddc
_cBK
999 _c91372
_d91372